Statistics for Idaho Major & Minor Teams

Click here to take the quiz!

General Stats

  • This quiz has been taken 11 times
    (8 since last reset)
  • The average score is 4 of 6

Answer Stats

NCAA% Correct
Idaho Vandals
100%
Boise State Broncos
86%
Idaho State Bengals
71%
Boise Hawks
43%
Idaho Steelheads
43%
Idaho Falls Chukars
29%

Score Distribution

Percentile by Number Answered

Percent of People with Each Score

Your Score History

You have not taken this quiz since the last reset